000 00429nam a2200145Ia 4500
008 090122s9999 xx 000 0 und d
082 _b8314
_a920.71
100 _aवागळे
_bवि
_c
245 _aकाटेरी फुलोरा
600 _aवागळे
630 _aकाटेरी फुलोरा
700 _aवागळे
730 _aकाटेरी फुलोरा
942 _cBOOK
999 _c32391
_d32391